| 000 | 00794nam a2200229 a 4500 | ||
|---|---|---|---|
| 999 |
_c4383 _d4383 |
||
| 001 | 4383 | ||
| 003 | BD-JhCC | ||
| 005 | 20220223134022.0 | ||
| 008 | 171126s20062015bg |||| || | 000 0 b d | ||
| 035 | _a(BD-JhCC)4383 | ||
| 040 |
_aBD-JhCC _dBD-JhCC |
||
| 041 | _aben | ||
| 082 |
_a491.44 _bVAS 2015 |
||
| 245 |
_aভাষা-শিক্ষা : _bবাংলা ভাষার ব্যাকরন ও নির্মিতি / _cড. হায়াৎ মামুদ |
||
| 260 |
_aঢাকা : _bদি এ্যাটলাস পাবলিশিং হাউস-ঢাকা, _c2015. |
||
| 300 |
_a1120 p. : _c24 cm. |
||
| 650 | _aBengali Language | ||
| 650 | _aBengali Grammer | ||
| 700 | _a মামুদ ড. হায়াৎ | ||
| 942 |
_2ddc _cBK _05 |
||